000 00564nam a2200157 4500
001 144119
003 ES-MaACL
007 t|
008 070214s1953 xxu r ||||1| eng d
100 1 _aSichynsky, Volodymyr.
_9106191
245 1 0 _aUkraine in foreign comments and descriptions from the VI th to XX th century /
_cVolodymyr Sichynsky.
260 _aNew York :
_bUkrainian Congress Committee of America,
_c1953.
300 _a235 p., 1 lám. :
_bil. ;
_c23 cm.
710 2 _aUkrainian Congress Committee of America.
_96998
852 _aES-MaACL
_jC-7787
_bR.36087
999 _c144119
_d144119